Statistics for Countries with the most NBA Players (excluding USA)

Click here to take the quiz!

General Stats

  • This quiz has been taken 3,220 times
  • The average score is 6 of 11

Answer Stats

#Answer% Correct
6Canada
82%
5Spain
82%
7France
78%
5Germany
69%
4Australia
67%
4Brazil
63%
4Argentina
61%
5Russia
57%
5Italy
50%
3Turkey
26%
3Switzerland
9%

Score Distribution

Percentile by Number Answered

Percent of People with Each Score

Your Score History

You have not taken this quiz